000 00345 a2200109 4500
001 ART_8973
005 20260410161845.0
008 260409a
245 1 0 _aEl diseño de un modelo macroeconómico poskeynesiano
100 1 _aAnisi, David
773 0 _tEl trimestre económico
_g- Vol. XLIX, Nº 196 (oct./dic. 1982)
_wREV6933
999 _c24481
_d24481